000 00793nam a2200205 a 4500
003 0
005 20250207102534.0
008 130829s19uu xx 00 eng d
050 _aPGS LB 1027
_b.T649 2013
100 _aTolenada, Wayna Isabelle H.
245 _aSponsorship and the extent of 5C's manifested by Grade 6 students of Southville International school and Colleges /
_cWayna Isabelle H. Tolenada.
260 _aLas PiƱas City, Philippines :
_bSouthville International School and Colleges,
_c2013.
300 _a45 pages :
_billustrations ;
_c28 cm.
504 _aIncludes bibliographical references.
650 _aCharacter education.
650 _aStudent development.
650 _aSocial skills in children.
650 _aEducational support programs.
942 _2lcc
_cPASS
999 _c99009
_d99009